| 000 | 00697nam a2200253 i 4500 | ||
|---|---|---|---|
| 001 | IT\ICCU\TO0\2136479 | ||
| 003 | ItRI | ||
| 005 | 20260306215019.0 | ||
| 008 | 240409s2024 it |||||| |||||1|||||c | ||
| 015 |
_2IT _a2024-4857 |
||
| 020 | _a9788804745853 | ||
| 040 |
_bita _cNP |
||
| 041 | 7 |
_aita _2ISO-639-2 |
|
| 082 |
_a853.92 _223 |
||
| 100 | 1 |
_aOzpetek, Ferzan _0IT\ICCU\REAV\096588 _4aut |
|
| 240 | 1 | 0 |
_aCuore nascosto _9Ozpetek, Ferzan |
| 245 | 1 | 0 |
_aCuore nascosto : _bromanzo / _cFerzan Ozpetek. |
| 260 |
_aMilano : _bMondadori, _c2024 |
||
| 300 |
_a191 p. ; _c21 cm |
||
| 830 | 0 |
_aStrade blu _0IT\ICCU\RAV\0329587 |
|
| 942 |
_2ddc _cBK |
||
| 981 | 1 |
_6z01 _ai _bxxxe |
|
| 982 | 1 |
_6z01 _an |
|
| 999 |
_c28883 _d28883 |
||